| 000 | 00374nam a22001337a 4500 | ||
|---|---|---|---|
| 020 | _a9781442453678 | ||
| 040 | _cNUST | ||
| 082 |
_2` _a823-CH RUM |
||
| 100 |
_aDixon, Franklin W. _914272 |
||
| 245 |
_aHARDY BOYS _bSecret Files # 11 Robot Rumble |
||
| 260 |
_aIndia: _bAladdin, _c2013. |
||
| 650 |
_a Secret Files # 11 Robot Rumble: The Hardy Boys _996701 |
||
| 942 |
_2ddc _cBK |
||
| 999 |
_c590837 _d590837 |
||